| 000 | 00630nam a2200205 a 4500 | ||
|---|---|---|---|
| 999 |
_c2538 _d2538 |
||
| 003 | BD-JhCC | ||
| 005 | 20171118200606.0 | ||
| 008 | 171026s1998 bg ||||| |||| 00| 0 ben d | ||
| 020 | _a984816037X | ||
| 035 | _a(BD-JhCC) | ||
| 040 |
_aBD-JhCC _dBD-JhCC |
||
| 041 | _aben | ||
| 082 |
_a891.443 _bHAQ 1998 |
||
| 100 | _aহক, সৈয়দ শামসুল | ||
| 245 |
_aউপন্যাস সমগ্র ৩ / _c সৈয়দ শামসুল হক |
||
| 260 |
_aঢাকা ; _bঅন্যপ্রকাশ, _c1998 |
||
| 300 |
_a375 p. : _c21 cm |
||
| 650 | _aCollection of Bengali Novel | ||
| 942 |
_2ddc _cBK |
||